| 000 | 01201nam2a22002411 4500 | ||
|---|---|---|---|
| 001 | rc\1163762 | ||
| 005 | 20250622214116.0 | ||
| 035 | _a(NLR Aleph) 006431322 | ||
| 090 |
_a5550625 _c5550625 |
||
| 100 | _a20041129d1980 |||y0rusy50 ca | ||
| 101 | 0 | _arus | |
| 102 | _aRU | ||
| 105 | _aa ||||||||| | ||
| 200 | 1 |
_aЭлектронные вычислительные машины и системы _f[Б.Н. Малиновский, чл.-кор. АН УССР, В.Я. Александров, В.П. Боюн, кандидаты техн. наук и др.] |
|
| 210 |
_d1980 _aБ. м. |
||
| 215 |
_a320 с. _cил. |
||
| 320 | _aБиблиогр.: с. 306-313 | ||
| 461 | 0 |
_1001rc\1163761 _12001#$aСправочник по цифровой вычислительной технике$fПод ред. чл.-кор. АН УССР Б.Н. Малиновского$v[Кн. 2] _95550617 _cКиев _d1980 _fПод ред. чл.-кор. АН УССР Б.Н. Малиновского _nТехнiка _tСправочник по цифровой вычислительной технике _v[Кн. 2] |
|
| 801 | 0 |
_aRU _bNLR _gpsbo |
|
| 801 | 1 |
_aRU _bELAR _2rusmarc |
|
| 852 |
_aNLR _j80-5/1590 |
||
| 942 | _cBOOK | ||
| 980 | _aNB | ||